| 000 | 00489nam a2200181Ia 4500 | ||
|---|---|---|---|
| 003 | 0100 | ||
| 008 | 130307s9999 xx 000 0 und d | ||
| 020 | _a0813208602 | ||
| 040 | _cARRUPELIB | ||
| 050 | _aQ151.A8W35 1996 | ||
| 100 | _aWallace, William A | ||
| 245 | 4 | _aThe Modelling of nature | |
| 245 | _bPhilosophy of science and philosophy nature in synthesis | ||
| 260 | _aWashington, D.C. | ||
| 260 | _bThe Catholic University Of America Press | ||
| 260 | _c1996 | ||
| 942 | 0 | 0 | _03 |
| 999 |
_c100968 _d100968 |
||